Statistics for Biggest Trading Partners - Sweden

Click here to take the quiz!

General Stats

  • This quiz has been taken 1,575 times
    (91 since last reset)
  • The average score is 17 of 19

Answer Stats

Country% Correct
Finland
100%
Norway
100%
Denmark
99%
Germany
99%
Russia
99%
United Kingdom
99%
United States
99%
Spain
98%
Italy
96%
Poland
96%
Netherlands
95%
China
94%
Belgium
93%
France
93%
Japan
91%
Ireland
81%
Austria
79%
Czech Republic
62%
Saudi Arabia
44%

Score Distribution

Percentile by Number Answered

Percent of People with Each Score

Your Score History

You have not taken this quiz since the last reset